000 00648nam a2200193 a 4500
001 000043118
005 20201002040641.0
008 140219s1991 ag ac 000 0 spa d
020 _a9507421300
040 _aDO-SdBNP
_bspa
_cBNPHU
082 _axxx
_bxxx
100 1 _aBalán, Jorge,
_d1940-
_970656
245 1 0 _aCuéntame tu Vida :
_buna biografía colectiva del psicoanálisis argentino /
_cJorge Balán.
260 _aBuenos Aires :
_bPlaneta,
_c1991.
300 _a271 p. :
_bil., retrs. ;
_c23 cm.
490 1 _aEspejo de la Argentina
500 _aIncluye datos biográficos del autor en la solapa
830 0 _aEspejo de la Argentina
_969662
999 _c42607
_d42607